Estetica del film (E.R.) (Record n. 71140)

Dettagli MARC
000 -LEADER
fixed length control field 01109nam a2200361Ia 4500
001 - CONTROL NUMBER
control field 5610
003 - CONTROL NUMBER IDENTIFIER
control field IT-RoPAU
008 - FIXED-LENGTH DATA ELEMENTS--GENERAL INFORMATION
fixed length control field 130308s9999 xx 000 0 und d
040 ## - CATALOGING SOURCE
Original cataloging agency IT-RoPAU
040 ## - CATALOGING SOURCE
Transcribing agency IT-RoPAU
041 ## - LANGUAGE CODE
Language code of text/sound track or separate title ITALIANO
999 ## - SYSTEM CONTROL NUMBERS (KOHA)
Koha Dewey Subclass [OBSOLETE] SI
100 ## - MAIN ENTRY--PERSONAL NAME
Personal name Balazs Bela
100 ## - MAIN ENTRY--PERSONAL NAME
Miscellaneous information Codice Aut. SPICS: 9657
240 ## - UNIFORM TITLE
Uniform title GEIST DES FILMS (DER)
240 ## - UNIFORM TITLE
Miscellaneous information Codice Tit. Orig. Spics: T1508
242 ## - TRANSLATION OF TITLE BY CATALOGING AGENCY
Title ESPRIT DU CINEMA (L')
242 ## - TRANSLATION OF TITLE BY CATALOGING AGENCY
Number of part/section of a work Cod. Traduzione Titolo: 5567
242 ## - TRANSLATION OF TITLE BY CATALOGING AGENCY
Language code of translated title FRA
245 ## - TITLE STATEMENT
Title Estetica del film (E.R.)
245 ## - TITLE STATEMENT
Remainder of title Estetica del Film (E.R.)
250 ## - EDITION STATEMENT
Edition statement 2a ed.
260 ## - PUBLICATION, DISTRIBUTION, ETC. (IMPRINT)
Place of publication, distribution, etc. ROMA
260 ## - PUBLICATION, DISTRIBUTION, ETC. (IMPRINT)
Name of publisher, distributor, etc. Editori Riuniti
260 ## - PUBLICATION, DISTRIBUTION, ETC. (IMPRINT)
Date of publication, distribution, etc. 1975 [1° Ed.:1954 - Ed.Ling.Originale:1931]
300 ## - PHYSICAL DESCRIPTION
Extent "228 p. (prefazione: 14; testo: 214)"
500 ## - GENERAL NOTE
General note Primo piano Inquadratura montaggio Montaggio senza taglio Film Assoluto Film a Colori Film Sonoro Creatività dell'Apparecchio Riproduzione sonora Dialogo Considerazioni Ideologiche
650 ## - SUBJECT ADDED ENTRY--TOPICAL TERM
Topical term or geographic name as entry element TEORICHE CINEMATOGRAFICHE
650 ## - SUBJECT ADDED ENTRY--TOPICAL TERM
Relator term Codice materia Spics: 6805
942 ## - ADDED ENTRY ELEMENTS (KOHA)
Koha item type LIBRO
957 ## -
-- 1
999 ## - SYSTEM CONTROL NUMBERS (KOHA)
-- 1
Dati di copia
Withdrawn status Lost status Damaged status Not for loan Home library Current library Date acquired Total Checkouts Full call number Date last seen Price effective from Koha item type Public note
    Buone Condizioni Not For Loan SPICS-MEDIATECA SPICS-MEDIATECA 08/03/2013   5610 08/03/2013 08/03/2013 LIBRO Progressivo inserimento: 33632 / N. Volumi: 1 Copie: 1 Copia Rara: SI / data import: 1 marzo 2013 - By Epidotti, Trombetti, Vaglietti.
CREDITS: SOCIETA' SAN PAOLO Via A.Severo, 58 - ROMA (RM) & PERIODICI SAN PAOLO SRL Via Giotto, 36 MILANO & CISF Via Giotto, 36 MILANO & EDIZIONI SAN PAOLO SRL,  Piazza Soncino, 5 CINISELLO BALSAMO (MI) -- ITALY